[Event "IECC O email"]
[Site "IECC email"]
[Date "2003.01.23"]
[Round "?"]
[White "Mathisen, Don"]
[Black "Brett, Brian"]
[Result "1-0"]
[WhiteElo "1124"]
[BlackElo "1200"]
[PlyCount "101"]
[EventDate "2003.??.??"]
[EventType "tourn (corr)"]
[EventRounds "6"]
[SourceTitle "Corr 2008"]
[Source "ChessBase"]
[SourceDate "2008.06.24"]
[SourceVersion "1"]
[SourceVersionDate "2008.06.24"]
[SourceQuality "1"]

1. e4 e5 2. Nf3 Nc6 3. Bb5 Bc5 4. c3 Nf6 5. d4 Bb6 6. 0-0 d6 7. d5 Bd7 8. dxc6 Bxc6 9. Bxc6+ bxc6 10. Re1 0-0 11. Bg5 Bc5 12. Nbd2 Rb8 13. b3 h6 14. Bxf6 Qxf6 15. Qc2 Qf4 16. Nc4 g5 17. Ne3 Rfd8 18. g3 Qxf3 19. Qe2 Qxe4 20. Rad1 d5 21. Ng4 Qg6 22. Nxe5 Qf6 23. Ng4 Qg7 24. Qe5 Bd6 25. Nf6+ Kf8 26. Qf5 Qg6 27. Nd7+ Kg7 28. Qxg6+ Kxg6 29. Nxb8 Rxb8 30. Rd3 Rb5 31. Rde3 Ra5 32. a4 Ra6 33. Rd3 Rb6 34. b4 c5 35. a5 Rb5 36. Rxd5 a6 37. Rb1 f6 38. f4 gxf4 39. gxf4 Bxf4 40. Kg2 Bd6 41. Rc1 f5 42. h4 h5 43. Kf3 f4 44. Rg1+ Kh6 45. Rgg5 cxb4 46. Rxb5 axb5 47. cxb4 Be7 48. Rxb5 c6 49. Rb7 Bxh4 50. a6 Bf6 51. a7 1-0